[Event "P-5234"]
[Site "IECC email"]
[Date "2022.11.01"]
[Round "?"]
[White "Gideon, Daniel"]
[Black "Andersson, Goran"]
[Result "0-1"]
[WhiteElo "1542"]
[BlackElo "1522"]
[PlyCount "24"]
[EventDate "2022.??.??"]
[EventType "tourn (corr)"]
[SourceTitle "Corr 2024"]
[Source "ChessBase"]
[SourceDate "2023.10.19"]
[SourceVersion "1"]
[SourceVersionDate "2023.10.19"]
[SourceQuality "1"]
[WhiteTeam "Kanada"]
[BlackTeam "Schweden"]
[WhiteTeamCountry "CAN"]
[BlackTeamCountry "SWE"]

1. d4 Nf6 2. c4 g6 3. Nc3 Bg7 4. e4 d6 5. Nf3 0-0 6. Be2 e5 7. 0-0 Bg4 8. Bg5 Bxf3 9. Bxf3 exd4 10. Qxd4 h6 11. Bf4 Nh5 12. Be3 Bxd4 0-1

[Event "IECC CL6-2020.04 email"]
[Site "IECC email"]
[Date "2020.10.27"]
[Round "?"]
[White "Martinez, Jesus"]
[Black "Andersson, Goran"]
[Result "0-1"]
[WhiteElo "1306"]
[BlackElo "1356"]
[PlyCount "52"]
[EventDate "2020.??.??"]
[EventType "tourn (corr)"]
[EventRounds "4"]
[SourceTitle "Corr 2024"]
[Source "ChessBase"]
[SourceDate "2023.10.19"]
[SourceVersion "1"]
[SourceVersionDate "2023.10.19"]
[SourceQuality "1"]
[WhiteTeam "SPA"]
[BlackTeam "Schweden"]
[BlackTeamCountry "SWE"]

1. e4 e5 2. Nf3 Nc6 3. Nc3 Nf6 4. d4 exd4 5. Nxd4 Bb4 6. Nxc6 bxc6 7. Bd3 d5 8. exd5 cxd5 9. 0-0 0-0 10. h3 c6 11. Qf3 Re8 12. Bf4 Be6 13. Ne2 Bc5 14. Ng3 h6 15. Be5 Nd7 16. Bc3 d4 17. Bd2 Ne5 18. Qe4 Nxd3 19. Qxd3 Qd5 20. Ne4 Bf5 21. f3 Bxe4 22. fxe4 Rxe4 23. Rfe1 Rae8 24. Rxe4 Rxe4 25. b3 Re2 26. Qf3 d3+ 0-1

[Event "P-5167"]
[Site "IECC email"]
[Date "2020.07.17"]
[Round "?"]
[White "Theofel, Heiner"]
[Black "Andersson, Goran"]
[Result "0-1"]
[WhiteElo "1298"]
[BlackElo "1342"]
[PlyCount "40"]
[EventDate "2020.??.??"]
[EventType "tourn (corr)"]
[SourceTitle "Corr 2024"]
[Source "ChessBase"]
[SourceDate "2023.10.19"]
[SourceVersion "1"]
[SourceVersionDate "2023.10.19"]
[SourceQuality "1"]
[WhiteTeam "Deutschland"]
[BlackTeam "Schweden"]
[WhiteTeamCountry "GER"]
[BlackTeamCountry "SWE"]

1. e4 c5 2. Nf3 Nc6 3. d4 cxd4 4. Nxd4 e5 5. Nb5 Nf6 6. N1c3 d6 7. Bg5 a6 8. Na3 b5 9. Bxf6 gxf6 10. Nd5 Bg7 11. Bd3 0-0 12. c3 Be6 13. Nc2 f5 14. 0-0 fxe4 15. Bxe4 Rc8 16. Ncb4 Nxb4 17. Nxb4 a5 18. Nd5 Rc4 19. f3 f5 20. Bc2 Rc5 0-1

[Event "IECC CL5-2019.02 email"]
[Site "IECC email"]
[Date "2019.03.11"]
[Round "?"]
[White "Van Boven, Maarten"]
[Black "Andersson, Goran"]
[Result "1-0"]
[WhiteElo "1313"]
[BlackElo "1370"]
[PlyCount "105"]
[EventDate "2019.??.??"]
[EventType "tourn (corr)"]
[EventRounds "4"]
[SourceTitle "Corr 2024"]
[Source "ChessBase"]
[SourceDate "2023.10.19"]
[SourceVersion "1"]
[SourceVersionDate "2023.10.19"]
[SourceQuality "1"]
[WhiteTeam "Niederlande"]
[BlackTeam "Schweden"]
[WhiteTeamCountry "NED"]
[BlackTeamCountry "SWE"]

1. e4 c5 2. Nf3 d6 3. d4 Na6 4. Nc3 Nf6 5. Be3 e6 6. e5 Nd5 7. Nxd5 exd5 8. Bb5+ Bd7 9. a4 c4 10. Ng5 Qe7 11. exd6 Qf6 12. Bxd7+ Kxd7 13. Qg4+ Kc6 14. b3 c3 15. Qe2 Bxd6 16. Qb5+ Kc7 17. Qxd5 Nb4 18. Qc4+ Kb8 19. Rc1 Qe7 20. Qxf7 Re8 21. 0-0 h6 22. Qxe7 Rxe7 23. Nf3 Nd5 24. Rce1 Kc7 25. Ne5 Rae8 26. f4 a6 27. Kf2 g5 28. g3 Nb4 29. Re2 Rg8 30. f5 Nc6 31. Ng4 Rh8 32. d5 Ne5 33. h3 Nf7 34. Kg2 Rf8 35. Ree1 h5 36. Nf6 Nh6 37. Bxg5 Rg7 38. Ne4 Nxf5 39. Rf3 Bxg3 40. Ref1 Nh4+ 41. Kxg3 Nxf3 42. Rxf3 Re8 43. Rxc3+ Kb8 44. Nf6 Rxg5+ 45. Kh4 Rgg8 46. Nxg8 Rxg8 47. d6 Rd8 48. Rd3 Kc8 49. d7+ Kc7 50. a5 Kc6 51. Kxh5 Kb5 52. Kg5 Kc5 53. Kf6 1-0

[Event "IECC CL5-2019.02 email"]
[Site "IECC email"]
[Date "2019.03.11"]
[Round "?"]
[White "Vitello, Gabriella"]
[Black "Andersson, Goran"]
[Result "1-0"]
[WhiteElo "1515"]
[BlackElo "1364"]
[PlyCount "103"]
[EventDate "2019.??.??"]
[EventType "tourn (corr)"]
[EventRounds "4"]
[SourceTitle "Corr 2024"]
[Source "ChessBase"]
[SourceDate "2023.10.19"]
[SourceVersion "1"]
[SourceVersionDate "2023.10.19"]
[SourceQuality "1"]
[WhiteTeam "Italien"]
[BlackTeam "Schweden"]
[WhiteTeamCountry "ITA"]
[BlackTeamCountry "SWE"]

1. d4 d5 2. Bf4 e6 3. e3 Nf6 4. Nf3 c5 5. c3 Nc6 6. Nbd2 Bd6 7. Bxd6 Qxd6 8. Bb5 Bd7 9. 0-0 0-0 10. a4 a6 11. Be2 b6 12. Qb3 Rfb8 13. Rfd1 a5 14. Bb5 Rc8 15. Qa3 Ne7 16. c4 Bxb5 17. axb5 Qd8 18. cxd5 exd5 19. dxc5 Rxc5 20. Nd4 Qc7 21. b4 Rc3 22. Qb2 a4 23. Nc6 d4 24. exd4 Ned5 25. Nb1 Ng4 26. g3 Rf3 27. Qe2 Rxf2 28. Qxg4 Ne3 29. Qe4 Nxd1 30. Rxa4 Rf8 31. Qe1 Qd7 32. Qxd1 Rf5 33. Ra7 Qe6 34. Ne7+ Kh8 35. Nxf5 Qxf5 36. d5 h6 37. Nc3 Rd8 38. Qd4 Rd6 39. Rb7 Rf6 40. Rb8+ Kh7 41. Qe4 g6 42. Qxf5 gxf5 43. Na4 Rd6 44. Rxb6 Rxd5 45. Nc5 Rd4 46. Rc6 Rxb4 47. b6 Rb1+ 48. Kg2 Rb2+ 49. Kh3 h5 50. b7 h4 51. Rc8 f4 52. b8Q 1-0

[Event "IECC O-4794"]
[Site "IECC email"]
[Date "2019.01.24"]
[Round "?"]
[White "Che, Tai"]
[Black "Andersson, Goran"]
[Result "0-1"]
[WhiteElo "1301"]
[BlackElo "1292"]
[PlyCount "66"]
[EventDate "2019.??.??"]
[EventType "swiss (corr)"]
[EventRounds "2"]
[SourceTitle "Corr 2020"]
[Source "ChessBase"]
[SourceDate "2019.09.30"]
[SourceVersion "1"]
[SourceVersionDate "2019.09.30"]
[SourceQuality "1"]
[WhiteTeam "Canada"]
[BlackTeam "Sweden"]
[WhiteTeamCountry "CAN"]
[BlackTeamCountry "SWE"]

1. d4 g6 2. Nf3 c5 3. e3 cxd4 4. exd4 Nf6 5. Bg5 Bg7 6. Bxf6 Bxf6 7. h4 Qb6 8. Nbd2 Qxb2 9. Rb1 Qxa2 10. Bc4 Qa5 11. 0-0 0-0 12. Ne4 Bg7 13. Rb5 Qc7 14. Qe2 a6 15. Rbb1 Nc6 16. c3 e6 17. Bd3 d5 18. Ng3 Re8 19. h5 e5 20. dxe5 Nxe5 21. Nxe5 Rxe5 22. Qd2 a5 23. hxg6 hxg6 24. Rfe1 a4 25. Rec1 a3 26. Rc2 Bf8 27. c4 Qe7 28. c5 d4 29. Rb6 Be6 30. Qf4 Re1+ 31. Kh2 a2 32. Rxa2 Rxa2 33. Be4 Rxf2 0-1

[Event "IECC CL6-2018.02 email"]
[Site "IECC email"]
[Date "2018.12.25"]
[Round "?"]
[White "Graupera, Carlos"]
[Black "Andersson, Goran"]
[Result "0-1"]
[WhiteElo "1328"]
[BlackElo "1309"]
[PlyCount "38"]
[EventDate "2018.??.??"]
[EventType "tourn (corr)"]
[EventRounds "4"]
[SourceTitle "Corr 2020"]
[Source "ChessBase"]
[SourceDate "2019.09.30"]
[SourceVersion "1"]
[SourceVersionDate "2019.09.30"]
[SourceQuality "1"]
[WhiteTeam "United States"]
[BlackTeam "Sweden"]
[WhiteTeamCountry "USA"]
[BlackTeamCountry "SWE"]

1. Nf3 g6 2. c4 Bg7 3. Nc3 Nf6 4. g3 d5 5. cxd5 Nxd5 6. Bg2 c5 7. 0-0 Nxc3 8. dxc3 0-0 9. Qa4 Qb6 10. Qb3 Be6 11. Qc2 Nc6 12. Be3 Bf5 13. Qb3 Na5 14. Qxb6 axb6 15. Nd2 Rfd8 16. Nb3 Nc4 17. Bxb7 Ra7 18. Bg2 Nxb2 19. Rfc1 Na4 0-1

[Event "IECC CL7-2018.07 email"]
[Site "IECC email"]
[Date "2018.09.07"]
[Round "?"]
[White "Andersson, Goran"]
[Black "Hughes, Peter James"]
[Result "1-0"]
[WhiteElo "1206"]
[BlackElo "1054"]
[PlyCount "51"]
[EventDate "2018.??.??"]
[EventType "tourn (corr)"]
[EventRounds "4"]
[SourceTitle "Corr 2020"]
[Source "ChessBase"]
[SourceDate "2019.09.30"]
[SourceVersion "1"]
[SourceVersionDate "2019.09.30"]
[SourceQuality "1"]
[WhiteTeam "Sweden"]
[BlackTeam "Australia"]
[WhiteTeamCountry "SWE"]
[BlackTeamCountry "AUS"]

1. d4 Nf6 2. Bg5 e6 3. e4 Be7 4. e5 Ne4 5. Bxe7 Qxe7 6. Nd2 d5 7. Nxe4 dxe4 8. Qe2 0-0 9. 0-0-0 Nc6 10. Qxe4 Bd7 11. Bd3 g6 12. Nf3 f5 13. exf6 Qxf6 14. d5 exd5 15. Qxd5+ Be6 16. Qb5 Rab8 17. Qa4 h5 18. Rhe1 Bg4 19. Rd2 Bxf3 20. gxf3 Qxf3 21. Bxg6 Qg4 22. Be4 Rbe8 23. Qc4+ Kh8 24. Qc3+ Ne5 25. Qxc7 Nf3 26. Qh7# 1-0

[Event "IECC CL7-2018.07 email"]
[Site "IECC email"]
[Date "2018.09.07"]
[Round "?"]
[White "Phillips, Dave"]
[Black "Andersson, Goran"]
[Result "0-1"]
[WhiteElo "1113"]
[BlackElo "1193"]
[PlyCount "58"]
[EventDate "2018.??.??"]
[EventType "tourn (corr)"]
[EventRounds "4"]
[SourceTitle "Corr 2020"]
[Source "ChessBase"]
[SourceDate "2019.09.30"]
[SourceVersion "1"]
[SourceVersionDate "2019.09.30"]
[SourceQuality "1"]
[WhiteTeam "England"]
[BlackTeam "Sweden"]
[WhiteTeamCountry "ENG"]
[BlackTeamCountry "SWE"]

1. d4 f5 2. g3 Nf6 3. Bg2 d5 4. Nh3 e6 5. 0-0 Be7 6. c4 0-0 7. b3 c5 8. Bb2 cxd4 9. Qxd4 Nc6 10. Qc3 d4 11. Qc2 e5 12. Rd1 Qe8 13. e3 dxe3 14. fxe3 Bc5 15. Re1 f4 16. gxf4 Nb4 17. Qe2 Bg4 18. Qf2 Nd3 19. Qf1 Nxe1 20. Qxe1 Bxh3 21. Bxh3 exf4 22. Ba3 Bxe3+ 23. Kf1 Qh5 24. Bg2 Qxh2 25. Bxb7 Rad8 26. Bxf8 Rd1 27. Bg2 Qg1+ 28. Ke2 Qxe1+ 29. Kf3 Qf2# 0-1

[Event "IECC CL7-2018.07 email"]
[Site "IECC email"]
[Date "2018.09.07"]
[Round "?"]
[White "Rosenkoetter, David Arthur"]
[Black "Andersson, Goran"]
[Result "0-1"]
[WhiteElo "1112"]
[BlackElo "1169"]
[PlyCount "56"]
[EventDate "2018.??.??"]
[EventType "tourn (corr)"]
[EventRounds "4"]
[SourceTitle "Corr 2020"]
[Source "ChessBase"]
[SourceDate "2019.09.30"]
[SourceVersion "1"]
[SourceVersionDate "2019.09.30"]
[SourceQuality "1"]
[WhiteTeam "United States"]
[BlackTeam "Sweden"]
[WhiteTeamCountry "USA"]
[BlackTeamCountry "SWE"]

1. e4 c5 2. Nc3 Nc6 3. f4 Nd4 4. Nf3 e6 5. d3 d5 6. g3 Ne7 7. Be3 Nec6 8. Bg2 Nxf3+ 9. Qxf3 d4 10. Bd2 dxc3 11. Bxc3 Be7 12. Bxg7 Nd4 13. Bxd4 cxd4 14. 0-0 h5 15. f5 h4 16. g4 Bg5 17. h3 Qc7 18. fxe6 Bxe6 19. Qe2 Rc8 20. Rac1 Bxc1 21. Rxc1 Bxa2 22. e5 Qb6 23. g5 Qxb2 24. Rf1 Rxc2 25. Qf3 Rg8 26. Kh1 Rxg5 27. Qe4 Rcxg2 28. Rg1 Rxg1# 0-1

[Event "IECC CL7-2018.06 email"]
[Site "IECC email"]
[Date "2018.07.04"]
[Round "?"]
[White "Hughes, Peter James"]
[Black "Andersson, Goran"]
[Result "0-1"]
[WhiteElo "1072"]
[BlackElo "1135"]
[PlyCount "46"]
[EventDate "2018.??.??"]
[EventType "tourn (corr)"]
[EventRounds "4"]
[SourceTitle "Corr 2020"]
[Source "ChessBase"]
[SourceDate "2019.09.30"]
[SourceVersion "1"]
[SourceVersionDate "2019.09.30"]
[SourceQuality "1"]
[WhiteTeam "Australia"]
[BlackTeam "Sweden"]
[WhiteTeamCountry "AUS"]
[BlackTeamCountry "SWE"]

1. e4 e5 2. f4 Nf6 3. Nf3 exf4 4. d3 d5 5. Bxf4 dxe4 6. Ng5 Bb4+ 7. c3 Be7 8. Qb3 0-0 9. Nd2 Be6 10. Qc2 Nd5 11. Nxe6 fxe6 12. Be5 Ne3 13. Qb3 Nc6 14. Qxe6+ Rf7 15. Be2 Nc2+ 16. Kd1 Nxa1 17. Rf1 Nxe5 18. Rxf7 Nxf7 19. d4 Qd6 20. Qc4 Qxh2 21. Nxe4 Qxg2 22. Qxc7 Qxe4 23. Ke1 Bh4+ 0-1

[Event "IECC TH-M-3307"]
[Site "IECC email"]
[Date "2018.06.25"]
[Round "?"]
[White "Pratt, Lou"]
[Black "Andersson, Goran"]
[Result "1-0"]
[WhiteElo "1158"]
[BlackElo "1215"]
[PlyCount "95"]
[EventDate "2018.??.??"]
[EventType "tourn (corr)"]
[SourceTitle "Corr 2020"]
[Source "ChessBase"]
[SourceDate "2019.09.30"]
[SourceVersion "1"]
[SourceVersionDate "2019.09.30"]
[SourceQuality "1"]
[WhiteTeam "United States"]
[BlackTeam "Sweden"]
[WhiteTeamCountry "USA"]
[BlackTeamCountry "SWE"]

1. e4 e5 2. Nf3 Nc6 3. Bb5 Nge7 4. 0-0 Nd4 5. Nxd4 exd4 6. d3 c6 7. Ba4 b5 8. Bb3 h5 9. Qf3 d5 10. c3 dxc3 11. bxc3 Bg4 12. Qe3 dxe4 13. dxe4 Ng6 14. f3 Be6 15. Bxe6 fxe6 16. Ba3 Bd6 17. Bxd6 Qxd6 18. Nd2 0-0 19. g3 Ne5 20. Qd4 Rfd8 21. Nb3 Qc7 22. Qe3 Rd3 23. Qe2 Qb6+ 24. Kg2 Rxc3 25. f4 Nc4 26. Rf3 Ne3+ 27. Kh3 b4 28. Rc1 Rxc1 29. Nxc1 Ng4 30. Kh4 Qc5 31. Nb3 Qg1 32. h3 Nf6 33. Qc4 Re8 34. e5 Qg2 35. Qxc6 Re7 36. exf6 gxf6 37. Nd4 Qxa2 38. Re3 e5 39. Nf5 Qe6 40. Nxe7+ Qxe7 41. Qc8+ Kf7 42. Kxh5 Qe6 43. Qxe6+ Kxe6 44. Kg6 a5 45. f5+ Kd5 46. Kxf6 a4 47. Rxe5+ Kc4 48. Ra5 1-0

[Event "P-5095"]
[Site "IECC email"]
[Date "2018.06.07"]
[Round "?"]
[White "Andersson, Goran"]
[Black "Rene, Vergara"]
[Result "1-0"]
[WhiteElo "1093"]
[BlackElo "1046"]
[PlyCount "62"]
[EventDate "2018.??.??"]
[EventType "tourn (corr)"]
[SourceTitle "Corr 2020"]
[Source "ChessBase"]
[SourceDate "2019.09.30"]
[SourceVersion "1"]
[SourceVersionDate "2019.09.30"]
[SourceQuality "1"]
[WhiteTeam "Sweden"]
[BlackTeam "United States"]
[WhiteTeamCountry "SWE"]
[BlackTeamCountry "USA"]

1. Nf3 Nf6 2. g3 g6 3. Bg2 Bg7 4. 0-0 0-0 5. Re1 d6 6. e4 e5 7. d3 Nc6 8. c3 a5 9. Nbd2 b5 10. d4 Bg4 11. d5 Ne7 12. a4 b4 13. cxb4 axb4 14. h3 Bd7 15. Nc4 Nh5 16. Bd2 f5 17. exf5 gxf5 18. Ng5 f4 19. Qxh5 Bf5 20. Be4 h6 21. Ne6 Bxe6 22. dxe6 d5 23. Nxe5 dxe4 24. Nd7 Bxb2 25. Bxb4 Bxa1 26. Rxa1 fxg3 27. Qg4+ Kh7 28. Bc3 gxf2+ 29. Kf1 Rg8 30. Nf6+ Kh8 31. Nxg8+ Kh7 1-0

[Event "IECC O-4700"]
[Site "IECC email"]
[Date "2018.05.12"]
[Round "?"]
[White "Andersson, Goran"]
[Black "Nilsson, Bjoern"]
[Result "1-0"]
[WhiteElo "1093"]
[BlackElo "996"]
[PlyCount "51"]
[EventDate "2018.??.??"]
[EventType "swiss (corr)"]
[EventRounds "2"]
[SourceTitle "Corr 2020"]
[Source "ChessBase"]
[SourceDate "2019.09.30"]
[SourceVersion "1"]
[SourceVersionDate "2019.09.30"]
[SourceQuality "1"]
[WhiteTeam "Sweden"]
[BlackTeam "Sweden"]
[WhiteTeamCountry "SWE"]
[BlackTeamCountry "SWE"]

1. e4 Nc6 2. Nf3 e6 3. d4 d5 4. Bd3 Be7 5. c4 h6 6. Nc3 g6 7. cxd5 exd5 8. e5 Be6 9. 0-0 Qd7 10. a3 Na5 11. b3 0-0-0 12. Be3 h5 13. Bd2 h4 14. Nb5 Nc6 15. Bg5 a6 16. Bxe7 Ngxe7 17. Ng5 Rdf8 18. b4 axb5 19. Bxb5 Bg4 20. Qa4 Kb8 21. Bxc6 Qxc6 22. b5 Qd7 23. f3 Bf5 24. Rad1 c6 25. b6 Kc8 26. Qa8# 1-0

[Event "IECC CL7-2018.03 email"]
[Site "IECC email"]
[Date "2018.04.02"]
[Round "?"]
[White "Powers Roibal, Frank Edel"]
[Black "Andersson, Goran"]
[Result "0-1"]
[WhiteElo "1100"]
[BlackElo "1101"]
[PlyCount "32"]
[EventDate "2018.??.??"]
[EventType "tourn (corr)"]
[EventRounds "4"]
[SourceTitle "Corr 2020"]
[Source "ChessBase"]
[SourceDate "2019.09.30"]
[SourceVersion "1"]
[SourceVersionDate "2019.09.30"]
[SourceQuality "1"]
[WhiteTeam "Cuba"]
[BlackTeam "Sweden"]
[WhiteTeamCountry "CUB"]
[BlackTeamCountry "SWE"]

1. d4 d5 2. Nf3 Nc6 3. c4 e6 4. Nc3 dxc4 5. Bg5 f6 6. Bf4 g5 7. Bg3 Bb4 8. e3 h5 9. h3 h4 10. Bh2 Bxc3+ 11. bxc3 b5 12. a4 Ba6 13. axb5 Bxb5 14. Qb1 Rb8 15. Qg6+ Kf8 16. Be2 Nce7 0-1

[Event "IECC TH-M-3273"]
[Site "IECC email"]
[Date "2018.04.01"]
[Round "?"]
[White "Andersson, Goran"]
[Black "Goodman, Ivor"]
[Result "0-1"]
[WhiteElo "1204"]
[BlackElo "1171"]
[PlyCount "104"]
[EventDate "2018.??.??"]
[EventType "tourn (corr)"]
[SourceTitle "Corr 2020"]
[Source "ChessBase"]
[SourceDate "2019.09.30"]
[SourceVersion "1"]
[SourceVersionDate "2019.09.30"]
[SourceQuality "1"]
[WhiteTeam "Sweden"]
[BlackTeam "England"]
[WhiteTeamCountry "SWE"]
[BlackTeamCountry "ENG"]

1. c4 c5 2. Nf3 Nf6 3. Nc3 e6 4. g3 b6 5. Bg2 Bb7 6. 0-0 Be7 7. d3 0-0 8. Bf4 d6 9. Bg5 Nbd7 10. e4 a6 11. b3 Qc7 12. a3 Rad8 13. Re1 Rfe8 14. Bh3 Ba8 15. Re2 Rc8 16. Qd2 Bf8 17. a4 h6 18. Bxf6 Nxf6 19. e5 Nd7 20. exd6 Bxd6 21. Ne4 Ne5 22. Bg2 Nxf3+ 23. Bxf3 Be7 24. a5 f5 25. Bh5 Rf8 26. Nc3 Qb7 27. f3 Rf6 28. Rae1 Qd7 29. Na4 Rc6 30. Nxb6 Rxb6 31. axb6 g6 32. Qxh6 gxh5 33. Qg5+ Kf8 34. Qxh5 Bd8 35. Qh8+ Ke7 36. Qg7+ Kd6 37. Qg8 Bxf3 38. Re3 Bb7 39. d4 Be4 40. d5 Bxb6 41. Qb8+ Bc7 42. Qb7 exd5 43. Qxa6+ Qc6 44. Qxc6+ Kxc6 45. cxd5+ Kxd5 46. g4 Rg6 47. Rd1+ Kc6 48. Rc1 Rxg4+ 49. Rg3 Bxg3 50. hxg3 Rxg3+ 51. Kf2 Rxb3 52. Ra1 c4 0-1

[Event "SWE-chT 1415 Superettan"]
[Site "Sweden"]
[Date "2015.03.22"]
[Round "9"]
[White "Darnell, Anton"]
[Black "Andersson, Goran"]
[Result "1-0"]
[WhiteElo "1806"]
[BlackElo "2161"]
[PlyCount "49"]
[EventDate "2014.11.21"]
[EventType "team-tourn"]
[EventRounds "9"]
[EventCountry "SWE"]
[SourceTitle "EXT 2018"]
[Source "ChessBase"]
[SourceDate "2017.10.13"]
[SourceVersion "1"]
[SourceVersionDate "2017.10.13"]
[SourceQuality "1"]
[WhiteTeam "Stockholm Rockaden II"]
[BlackTeam "Manhem"]
[WhiteTeamCountry "SWE"]
[BlackTeamCountry "SWE"]

1. d4 Nf6 2. c4 g6 3. Nf3 Bg7 4. g3 0-0 5. Bg2 d6 6. 0-0 Nc6 7. Nc3 a6 8. Bf4 Bd7 9. Rc1 b5 10. Nd5 bxc4 11. Nxf6+ Bxf6 12. Rxc4 Rb8 13. Qd2 Rb6 14. Rfc1 Qb8 15. b3 Rc8 16. e4 Na7 17. e5 Bg7 18. d5 Nb5 19. e6 fxe6 20. Bh3 Qb7 21. Rc6 Rd8 22. a4 Rxc6 23. dxc6 Bxc6 24. Bxe6+ Kf8 25. Bh6 1-0

[Event "Gothenburg Manhem-B"]
[Site "Gothenburg"]
[Date "2010.08.18"]
[Round "9"]
[White "Andersson, Goran"]
[Black "Knutsson, Hakan"]
[Result "1-0"]
[WhiteElo "2169"]
[BlackElo "1933"]
[PlyCount "57"]
[EventDate "2010.08.10"]
[EventType "tourn"]
[EventRounds "9"]
[EventCountry "SWE"]
[SourceTitle "CBM 137 Extra"]
[Source "ChessBase"]
[SourceDate "2010.09.01"]
[SourceVersion "1"]
[SourceVersionDate "2010.09.01"]
[SourceQuality "1"]

1. e4 c5 2. Nf3 d6 3. d4 cxd4 4. Nxd4 Nf6 5. Nc3 a6 6. Bg5 e5 7. Nf5 Bxf5 8. exf5 Be7 9. Bxf6 Bxf6 10. g3 Be7 11. Bg2 Nc6 12. 0-0 0-0 13. Nd5 Rb8 14. c3 Qd7 15. Be4 f6 16. g4 Bd8 17. Kh1 Kh8 18. Rg1 Ne7 19. Rg3 Nxd5 20. Bxd5 Re8 21. Qf3 Qb5 22. Rh3 h6 23. Rg1 Re7 24. c4 Qxb2 25. g5 fxg5 26. f6 e4 27. fxe7 Bxe7 28. Qxe4 Bf6 29. Qg6 1-0

[Event "SWE-ch Veterans"]
[Site "Lund"]
[Date "2010.07.10"]
[Round "8"]
[White "Andersson, Goran"]
[Black "Hallerod, Ralph"]
[Result "0-1"]
[WhiteElo "2169"]
[BlackElo "2122"]
[PlyCount "40"]
[EventDate "2010.07.03"]
[EventType "swiss"]
[EventRounds "9"]
[EventCountry "SWE"]
[SourceTitle "CBM 137 Extra"]
[Source "ChessBase"]
[SourceDate "2010.09.01"]
[SourceVersion "1"]
[SourceVersionDate "2010.09.01"]
[SourceQuality "1"]

1. e4 e5 2. Nf3 Nc6 3. Bb5 Nd4 4. Nxd4 exd4 5. 0-0 c6 6. Bc4 Nf6 7. e5 d5 8. exf6 dxc4 9. Qe2+ Be6 10. fxg7 Bxg7 11. f4 d3 12. Qh5 Qb6+ 13. Kh1 0-0-0 14. f5 Bd5 15. f6 Bxf6 16. Qf5+ Kb8 17. Qxf6 Rhg8 18. Rg1 Rde8 19. Qf1 Re2 20. Nc3 Rgxg2 0-1

[Event "SWE-ch Veterans"]
[Site "Lund"]
[Date "2010.07.08"]
[Round "6"]
[White "Andersson, Goran"]
[Black "Nordstrom, Felix"]
[Result "1-0"]
[WhiteElo "2169"]
[BlackElo "2192"]
[PlyCount "91"]
[EventDate "2010.07.03"]
[EventType "swiss"]
[EventRounds "9"]
[EventCountry "SWE"]
[SourceTitle "CBM 137 Extra"]
[Source "ChessBase"]
[SourceDate "2010.09.01"]
[SourceVersion "1"]
[SourceVersionDate "2010.09.01"]
[SourceQuality "1"]

1. e4 c5 2. Nf3 d6 3. d4 cxd4 4. Nxd4 Nf6 5. Nc3 a6 6. Bg5 e6 7. f4 Be7 8. Qf3 h6 9. Bh4 Qc7 10. 0-0-0 Nbd7 11. Bd3 g5 12. fxg5 Ne5 13. Qe2 Nfg4 14. Nf3 Nxf3 15. gxf3 hxg5 16. Bg3 Ne5 17. Kb1 Bd7 18. f4 gxf4 19. Bxf4 0-0-0 20. Rdf1 Rh7 21. h4 Bxh4 22. Rh3 Rdh8 23. Bxe5 dxe5 24. Rfh1 Qd8 25. Bxa6 Bc6 26. Bb5 Qb6 27. Bxc6 bxc6 28. Qg4 Rh6 29. a4 Rg6 30. Qe2 Rg1+ 31. Ka2 Rxh1 32. Rxh1 Kb7 33. Qg4 Qf2 34. Rh3 Qf4 35. Qe2 Qf6 36. Nb1 Rb8 37. Rb3+ Kc7 38. Rf3 Qe7 39. Na3 f6 40. Nc4 Qb4 41. b3 Bg5 42. Rh3 Re8 43. Qf2 Re7 44. Qa7+ Qb7 45. Qc5 Kd7 46. Qxe7+ 1-0

[Event "SWE-ch Veterans"]
[Site "Lund"]
[Date "2010.07.06"]
[Round "4"]
[White "Andersson, Kaj Ake"]
[Black "Andersson, Goran"]
[Result "0-1"]
[WhiteElo "2098"]
[BlackElo "2169"]
[PlyCount "58"]
[EventDate "2010.07.03"]
[EventType "swiss"]
[EventRounds "9"]
[EventCountry "SWE"]
[SourceTitle "CBM 137 Extra"]
[Source "ChessBase"]
[SourceDate "2010.09.01"]
[SourceVersion "1"]
[SourceVersionDate "2010.09.01"]
[SourceQuality "1"]

1. d4 Nf6 2. c4 g6 3. Nc3 Bg7 4. e4 d6 5. Bd3 0-0 6. Nge2 e5 7. d5 Nh5 8. Be3 f5 9. f3 c5 10. Qc2 Na6 11. a3 Nc7 12. exf5 gxf5 13. 0-0-0 e4 14. fxe4 f4 15. Bd2 Be5 16. Ng1 Bg4 17. Be2 Nf6 18. Nf3 Bxf3 19. Bxf3 Qe8 20. g3 fxg3 21. hxg3 b5 22. Rh4 bxc4 23. Rdh1 Rb8 24. g4 Nb5 25. Nxb5 Rxb5 26. Bc3 Bxc3 27. bxc3 Qe5 28. Bg2 Rfb8 29. R4h3 Qg5+ 0-1

[Event "SWE-ch Veterans"]
[Site "Lund"]
[Date "2010.07.03"]
[Round "1"]
[White "Gummesson, Ingvar"]
[Black "Andersson, Goran"]
[Result "0-1"]
[WhiteElo "1983"]
[BlackElo "2169"]
[PlyCount "60"]
[EventDate "2010.07.03"]
[EventType "swiss"]
[EventRounds "9"]
[EventCountry "SWE"]
[SourceTitle "CBM 137 Extra"]
[Source "ChessBase"]
[SourceDate "2010.09.01"]
[SourceVersion "1"]
[SourceVersionDate "2010.09.01"]
[SourceQuality "1"]

1. d4 Nf6 2. Nf3 g6 3. g3 Bg7 4. c4 0-0 5. Nc3 d6 6. Bg2 Nbd7 7. e4 e5 8. d5 Nc5 9. Qc2 a5 10. 0-0 Ne8 11. Be3 f5 12. Bxc5 dxc5 13. Rad1 Nd6 14. b3 f4 15. h4 h6 16. Qd3 g5 17. Kh2 Bf6 18. Ne2 g4 19. Ne1 f3 20. Bxf3 gxf3 21. Nxf3 Bg4 22. Neg1 Qe8 23. Rde1 Qh5 24. Re3 Rf7 25. Nxe5 Bxe5 26. f4 Raf8 27. Nf3 Rxf4 28. Kg2 Rxf3 29. Rfxf3 Rxf3 30. a3 Rxe3 0-1